| 000 | 00588nam a2200217Ia 4500 | ||
|---|---|---|---|
| 003 | OSt | ||
| 005 | 20220928135653.0 | ||
| 006 | a|||||r|||| 00| 0 | ||
| 007 | ta | ||
| 008 | 220927b |||||||| |||| 00| 0 eng d | ||
| 024 | _a4528 | ||
| 037 | _cTextual | ||
| 040 |
_aSDCL _cSDCL _beng |
||
| 041 |
_2eng _aeng |
||
| 082 | _aX:54.1'N9, N4 | ||
| 100 |
_aThurow Lester _9492582 |
||
| 245 | 0 |
_aHead to head _b The coming economic battle among Japan, Europe and America |
|
| 260 | _c1994 | ||
| 942 |
_hX:54.1'N9, N4 _cTEXL _2CC |
||
| 999 |
_c808204 _d808204 |
||